Kríza modernej demokracie v teoretickej reflexii
Spoločenské a politické zmeny v 20. storočí. Klasická teória demokracie a demokracia podľa Schumpetera. Polyarchia ako vyjednávacia demokracia. Kritici polyarchického modelu. Uplatnenie Paretovho princípu optima v ekonomickej racionalite. Úvahy o schopnostiach vládnutia prostredníctvom demokracie.
Saved in:
| Main Author: | |
|---|---|
| Format: | Book Chapter |
| Language: | Slovak |
| Subjects: | |
| Tags: |
No Tags, Be the first to tag this record!
|
MARC
| LEADER | 00000naa a2200000 4500 | ||
|---|---|---|---|
| 001 | r027389 | ||
| 005 | 20230921123530.1 | ||
| 041 | 0 | |a slo | |
| 044 | |a SK | ||
| 245 | 1 | 0 | |a Kríza modernej demokracie v teoretickej reflexii |c Ľ. Kráľová |
| 520 | |a Spoločenské a politické zmeny v 20. storočí. Klasická teória demokracie a demokracia podľa Schumpetera. Polyarchia ako vyjednávacia demokracia. Kritici polyarchického modelu. Uplatnenie Paretovho princípu optima v ekonomickej racionalite. Úvahy o schopnostiach vládnutia prostredníctvom demokracie. | ||
| 610 | 2 | 0 | |a politológia |
| 610 | 2 | 0 | |a demokracia |
| 610 | 2 | 0 | |a optimum Paretovo |
| 100 | 1 | |a Kráľová, Ľ. | |